|
|
|
|
| LEADER |
00000nab a2200000 ar4500 |
| 001 |
vtls008647188 |
| 003 |
SK-MaSNL |
| 005 |
20260305040730.0 |
| 008 |
060403c20051220xo mr|p|||||||000 b|slo |
| 038 |
|
|
|a SNSK
|
| 040 |
|
|
|b slo
|c SNSK
|e AACR2
|
| 041 |
0 |
|
|a slo
|
| 044 |
|
|
|a xo
|c SK
|
| 080 |
|
|
|a 718 (091)
|2 1997
|
| 080 |
|
|
|a 929
|2 2001
|
| 245 |
0 |
0 |
|a Tajomstvá cintorína pod hradom
|b tu odpočíva aj priekopník hygieny potravín
|c [autor](šim)
|
| 300 |
|
|
|b Fotogr.
|
| 650 |
0 |
7 |
|a cintoríny
|2 snsk
|9 2946
|
| 650 |
0 |
7 |
|a dejiny
|2 snsk
|9 3825
|
| 650 |
0 |
7 |
|a osobnosti
|2 snsk
|9 29820
|
| 651 |
|
7 |
|a Spišské Podhradie (Slovensko)
|2 snsk
|9 26697
|
| 651 |
|
7 |
|a Levoča (Slovensko : okres)
|2 snsk
|9 30131
|
| 773 |
0 |
|
|t Spišský denník Korzár
|g Roč. VII., č. 293 (20.12.2005)
|x 1335-759X
|
| 773 |
0 |
|
|t Príloha Spiš
|g (20.12.2005), s. 7.
|
| 852 |
|
|
|a SNSK
|b KIS3GCP
|
| 999 |
|
|
|c 3340032
|d 3341962
|